000
00348nam a2200145Ia 4500
008
240624s9999 xx 000 0 und d
041
_a
eng
082
_a
891.46 DES
100
_a
DESAI RANJIT
245
_a
SRIMAN YOGI
250
_a
(18th ed.)
260
_c
2005
_a
Pune
_b
Mehta Publishing House
300
_a
1147 : p. : cm. ; 22
365
_c
RS
_b
20
999
_c
6882
_d
6882